| 000 | 00775nam a22002177a 4500 | ||
|---|---|---|---|
| 999 |
_c11288 _d11288 |
||
| 003 | AR-CdUCM | ||
| 008 | 190403b ||||| |||| 00| 0 spa d | ||
| 020 | _a84-8389-137-9 | ||
| 040 |
_aMUNICIPALIDAD PROVINCIAL DEL CUSCO _cBIBLIOTECA MUNICIPAL DEL CUSCO |
||
| 082 |
_aEP / 372.510 / _bQ71 _22ed. |
||
| 100 |
_aQuichiz Romero, Alexander _928584 |
||
| 245 | _aMatemática Fácil / | ||
| 260 |
_aLima : _bUniverso. |
||
| 300 |
_a213 páginas ; _bIlustraciones _c28cm |
||
| 500 | _aEducación primaria 5to | ||
| 505 | _aContenido: Conjuntos -- Producto cartesiano -- Reagrupaciones -- Valor posicional -- Producto de números naturales -- Fracciones... | ||
| 650 |
_aMatemáticas _99398 |
||
| 650 |
_aEducación primaria _91561 |
||
| 942 |
_2ddc _cLIBROS |
||
| 945 | _anom | ||